00442nam a2200133Ia 4500008004100000024004800041082001800089100006400107245003500171260002600206600002100232650003800253999001700291260210s9999 xx 000 0 und d a15B-002-CS, 15B-035-CS & 15B-036-CS a004.39072 TAH aTaha Tauqeer, Taimur Rafiq & Muhammad Tufail Ahmed Khan 0aWeb Portal for Hidayah Academy aKarachi:bUITU,c2015 aComputer Science aBachelor of Computer Science (BS) c32324d32324